Weight loss and cell wall degradation in rubberwood caused by sapstain fungus Botryodiplodia theobromae (Record no. 47898)

MARC details
000 -LEADER
fixed length control field 00459nam a2200157Ia 4500
100 ## - MAIN ENTRY--AUTHOR NAME
Personal name Florence E J M
245 #0 - TITLE STATEMENT
Title Weight loss and cell wall degradation in rubberwood caused by sapstain fungus Botryodiplodia theobromae
260 ## - PUBLICATION, DISTRIBUTION, ETC. (IMPRINT)
Name of publisher Holzforschung
Year of publication 2002
300 ## - PHYSICAL DESCRIPTION
Number of Pages 225-228
500 ## - GENERAL NOTE
General note CAB CD 2002/08-2003/10
700 ## - ADDED ENTRY--PERSONAL NAME
Personal name Gnanaharan R
700 ## - ADDED ENTRY--PERSONAL NAME
Personal name Sharma J K
700 ## - ADDED ENTRY--PERSONAL NAME
Personal name Singh P A
942 ## - ADDED ENTRY ELEMENTS (KOHA)
Koha item type Bibliography RLWO
Holdings
Withdrawn status Lost status Damaged status Not for loan Home library Current library Date acquired Serial Enumeration / chronology Koha item type
      Bibliography RRII Library RRII Library 31/12/2021 Volume 56, Issue 3 Bibliography RLWO